|
|
|
|
| LEADER |
01039nam a2200241 a 4500 |
| 001 |
GR-MES12488 |
| 008 |
070614s gr b 001 0 gre d |
| 020 |
|
|
|a 0761925090
|
| 040 |
|
|
|a GrPaTEI
|b gre
|c GR-PaULI
|
| 040 |
|
|
|a GrPaTEI
|b gre
|c GR-PaULI
|
| 082 |
|
0 |
|a 364.36
|2 21
|
| 100 |
0 |
|
|a Howell James C.
|
| 245 |
1 |
0 |
|a Preventing and reducing juvenile delinquency :
|b Acomprehensive framework /
|c James C. Howell.
|
| 260 |
|
|
|a Thousand Oaks :
|b Sage,
|c 2003
|
| 300 |
|
|
|a xix ,393σ. ;
|c 24εκ.
|
| 504 |
|
|
|a Περιλαμβάνει βιβλιογραφίες και ευρετήριο.
|
| 650 |
|
0 |
|a Juvenile delinquency
|z United States
|x Prevention
|
| 650 |
|
0 |
|a Violent crimes
|z United States
|x Prevention
|
| 650 |
|
0 |
|a Youth and Violence
|z United States
|x Prevention
|
| 942 |
|
|
|2 ddc
|
| 952 |
|
|
|0 0
|1 0
|2 ddc
|4 0
|6 364_360000000000000_HOW
|7 0
|9 271167
|a MSLG
|b MSLG
|c BSC
|d 2021-01-17
|e 24
|f 0
|g 0.00
|l 0
|o 364.36 HOW
|p 2420000021943
|r 2021-01-17 00:00:00
|t 1
|w 2021-01-17
|y BK15
|x 20070614 0 1
|x GrPaTEI
|
| 971 |
|
|
|a .b25785357
|b 15-04-20
|c 13-09-16
|
| 999 |
|
|
|c 156588
|d 156588
|